000 01036cam a2200265 a 4500
005 20160104063040.0
008 970808s1997 maub b 000 0 eng
040 _aDLC
_cDLC
_dDLC
_dCO-BoIAVH
041 _aeng
043 _as-ck---
082 0 4 _a598.09861
_bP34o
100 1 _aPaynter, Raymond A.
_99155
245 1 0 _aOrnithological gazetteer of Colombia /
_cRaymond A. Paynter, Jr.
246 1 8 _aGazetteer of Colombia
260 _aCambridge, Mass. :
_bBird Dept., Museum of Comparative Zoology, Harvard University,
_c1997.
300 _aix, 537 paginas. :
_bmapa ;
_c23 x 15 cm.
504 _aIncludes bibliographical references (p. 481-537).
650 0 _aBirds
_zColombia
_xGeographical distribution.
_945398
650 0 _aBirds
_xCatalogs and collections
_zColombia.
_945399
650 6 _aOrnitología
_945400
651 0 _aColombia
_xGazetteers.
_945401
906 _a7
_bcbc
_corignew
_d2
_encip
_f19
_gy-gencatlg
942 _2ddc
_cARTICULO
999 _c781
_d781